Missing Word: World War I Quiz Stats

 Plays Quiz Updated Jan 27, 2017

Support Sporcle.
Go Orange.
Score 0/20 Timer 03:00
2 Plays Today
Hint Answer % Correct
___ of VersaillesTreaty
89%
The Western ___Front
80.7%
___ of ArabiaLawrence
78.6%
Kaiser ___ IIWilhelm
78.2%
Trench ___Warfare
77.9%
Second ___ of the MarneBattle
71.1%
___ RevolutionRussian
65%
Sinking of the ___Lusitania
61.3%
'In Flanders ___'Fields
60.9%
The Christmas ___Truce
60.3%
Hint Answer % Correct
Germany's 'Blank ___' to AustriaCheck
55.8%
The Central ___Powers
54.7%
Prime Minister David Lloyd ___George
53.5%
Triple ___Entente
53.3%
Wilson's ___ PointsFourteen
53.2%
The ___ HandBlack
46.6%
The Gallipoli ___Campaign
44.8%
Austrian Ultimatum to ___Serbia
42.6%
___ TelegramZimmermann
41.1%
Prime Minister Vittorio ___Orlando
15.8%

Today's Daily Dose

You're not logged in!

Compare scores with friends on all Sporcle quizzes.
OR
Log In
Forgot?

From the Vault

Seven Hills of Rome

by Derek

If you need a hint you can use this device - Queen Victoria Eyes Caesar's Awfully Painful Corns.
Remove Ads.
Support Sporcle.
Get the best of Sporcle when you Go Orange. This ad-free experience offers more features, more stats, and more fun while also helping to support Sporcle. Thank you for becoming a member.

Show Comments

Extras

Top Quizzes Today


Score Distribution

Your Account Isn't Verified!

In order to create a playlist on Sporcle, you need to verify the email address you used during registration. Go to your Sporcle Settings to finish the process.

Report this User

Report this user for behavior that violates our Community Guidelines.

Details: